INDIAN AGRICULTURIST (Record no. 732)

MARC details
000 -LEADER
fixed length control field 00406nam a2200145Ia 4500
022 ## - INTERNATIONAL STANDARD SERIAL NUMBER
ISSN 0019-4336
245 #0 - TITLE STATEMENT
Title INDIAN AGRICULTURIST
260 ## - PUBLICATION, DISTRIBUTION, ETC. (IMPRINT)
Name of publisher Agricultural Society of India, Calcutta
Place of publication India
310 ## - CURRENT PUBLICATION FREQUENCY
Current publication frequency Q
500 ## - GENERAL NOTE
General note Ending Volume & Year: 31, 1987
500 ## - GENERAL NOTE
General note Missing Volume: 13;27;29(1)
500 ## - GENERAL NOTE
General note Starting Volume & Year: 3, 1959
942 ## - ADDED ENTRY ELEMENTS (KOHA)
Koha item type Bound Journal
Holdings
Withdrawn status Lost status Damaged status Not for loan Home library Current library Date acquired Accession Number Koha item type
      Bound journals RRII Library RRII Library 31/12/2021 00723J Bound Journal